[Event "Rio de Janeiro-ch Absoluto"]
[Site "Rio de Janeiro"]
[Date "1988.07.24"]
[Round "7"]
[White "De Araujo, Celso Eduardo"]
[Black "Trindade, Rubens Jr"]
[Result "0-1"]
[WhiteElo "1865"]
[BlackElo "1826"]
[PlyCount "76"]
[EventDate "1988.07.09"]
[EventType "swiss"]
[EventRounds "7"]
[EventCountry "BRA"]
[SourceTitle "EXT 2007"]
[Source "ChessBase"]
[SourceDate "2006.11.23"]
[SourceVersion "1"]
[SourceVersionDate "2006.11.23"]
[SourceQuality "1"]

1. d4 Nf6 2. c4 e6 3. Nf3 Nc6 4. d5 Ne7 5. Nc3 g6 6. Bg5 Bg7 7. e4 d6 8. Be2 0-0 9. 0-0 Nd7 10. Qd2 Bh8 11. Qf4 Bxc3 12. bxc3 e5 13. Qh4 f6 14. Bh6 Rf7 15. h3 Nc5 16. Nd2 g5 17. Qg3 Ng6 18. Bg4 Kh8 19. Rae1 Qg8 20. Bh5 Re7 21. Qf3 Nf4 22. Re3 Bd7 23. g3 Nxh5 24. Qxh5 Be8 25. Qg4 Qg6 26. Bxg5 fxg5 27. Qf5 Bd7 28. Qxg6 hxg6 29. g4 Kg7 30. Nf3 Kf6 31. Kg2 Rh8 32. Rh1 Reh7 33. Kg3 Ba4 34. Nd2 Bc2 35. f3 Nd3 36. Re2 Nf4 37. Reh2 Bd3 38. a3 Ne2+ 0-1